[Event "Xtracon Open 2019"]
[Site "Helsingor"]
[Date "2019.07.20"]
[Round "1.1"]
[White "Grandelius, Nils"]
[Black "Ramkilde, Mikael"]
[Result "1-0"]
[WhiteElo "2691"]
[BlackElo "1957"]
[Annotator "TA"]
[PlyCount "69"]
[EventDate "2019.07.19"]
[EventType "swiss"]
[EventCountry "DEN"]
[SourceTitle "playchess.com"]
[Source "ChessBase"]
[SourceQuality "1"]

1. Nf3 Nf6 2. c4 g6 3. Nc3 Bg7 4. g3 d6 5. Bg2 O-O 6. d4 c6 7. O-O Bg4 8. h3 Bxf3 9. Bxf3 Nbd7 10. e4 e5 11. d5 c5 12. a3 Ne8 13. h4 f5 14. h5 f4 15. hxg6 hxg6 16. Bg4 Bh6 17. Kg2 Kg7 18. Rh1 a6 19. Qf3 Nef6 20. Be6 Nh7 21. gxf4 exf4 22. Rxh6 Qg5+ 23. Qg4 Qxh6 24. Bxd7 Nf6 25. Qxf4 Qxf4 26. Bxf4 Nxd7 27. Bxd6 Rfe8 28. f4 g5 29. e5 gxf4 30. e6 Nb6 31. b3 f3+ 32. Kxf3 Rh8 33. Rg1+ Kf6 34. Ne4+ Kf5 35. Rg5# 1-0

[Event "Xtracon Open 2019"]
[Site "Helsingor"]
[Date "2019.07.20"]
[Round "1.1"]
[White "Steenstrup, Svend"]
[Black "Andersen, Mads"]
[Result "0-1"]
[WhiteElo "1924"]
[BlackElo "2605"]
[Annotator "TA"]
[PlyCount "64"]
[EventDate "2019.07.19"]
[EventType "swiss"]
[EventCountry "DEN"]
[SourceTitle "playchess.com"]
[Source "ChessBase"]
[SourceQuality "1"]

1. d4 Nf6 2. c4 g6 3. Nc3 d5 4. Nf3 Bg7 5. h4 c6 6. Bg5 dxc4 7. e4 Be6 8. e5 Nd5 9. h5 Nd7 10. Ne4 f6 11. Bd2 fxe5 12. hxg6 hxg6 13. Rxh8+ Bxh8 14. Nh4 Bf7 15. Ng5 exd4 16. Nxf7 Kxf7 17. Qf3+ Bf6 18. Nxg6 Kxg6 19. Qg4+ Kf7 20. Qh5+ Ke6 21. Bxc4 Ne5 22. Qh3+ Kd6 23. Bxd5 cxd5 24. Bb4+ Kc7 25. Rc1+ Nc6 26. Qg3+ e5 27. Qg6 Rc8 28. Ba5+ b6 29. Bd2 Kb7 30. g4 Be7 31. Qf7 Rc7 32. Qf3 Bg5 0-1

[Event "Xtracon Open 2019"]
[Site "Helsingor"]
[Date "2019.07.20"]
[Round "1.1"]
[White "Leonhardsen, Vebjorn Maanum"]
[Black "Svane, Frederik"]
[Result "0-1"]
[WhiteElo "1820"]
[BlackElo "2334"]
[Annotator "NA"]
[PlyCount "56"]
[EventDate "2019.07.19"]
[EventType "swiss"]
[EventCountry "DEN"]
[SourceTitle "playchess.com"]
[Source "ChessBase"]
[SourceQuality "1"]

1. c4 Nf6 2. g3 e6 3. Bg2 d5 4. d4 Bb4+ 5. Bd2 Bd6 6. Nf3 O-O 7. Qc2 Nbd7 8. O-O c6 9. c5 Bc7 10. Nc3 e5 11. dxe5 Nxe5 12. Nxe5 Bxe5 13. e3 Bg4 14. Rac1 Qd7 15. b4 Bh3 16. a3 Rfe8 17. Rfe1 h5 18. Ne2 h4 19. Bc3 Bxc3 20. Nxc3 Re5 21. Qd3 Rae8 22. Bxh3 Qxh3 23. Qf1 Qg4 24. Red1 hxg3 25. hxg3 Rh5 26. Rd4 Qg5 27. Qg2 Rxe3 28. Rf4 Qe5 0-1

[Event "Xtracon Open 2019"]
[Site "Helsingor"]
[Date "2019.07.20"]
[Round "1.1"]
[White "Markussen, Bernt Olav"]
[Black "Nielsen, Viktor Haarmark"]
[Result "0-1"]
[WhiteElo "1761"]
[BlackElo "2254"]
[Annotator "NA"]
[PlyCount "72"]
[EventDate "2019.07.19"]
[EventType "swiss"]
[EventCountry "DEN"]
[SourceTitle "playchess.com"]
[Source "ChessBase"]
[SourceQuality "1"]

1. d4 d5 2. Bf4 Nf6 3. e3 c5 4. Nc3 a6 5. Nf3 Nc6 6. Be2 Bg4 7. h3 Bh5 8. O-O e6 9. Ne5 Bxe2 10. Qxe2 Bd6 11. Nxc6 bxc6 12. Be5 O-O 13. f4 cxd4 14. exd4 Bb4 15. Rf3 Bxc3 16. Rxc3 Ne4 17. Qg4 f6 18. Qxe6+ Kh8 19. Rxc6 fxe5 20. Qxe5 Qh4 21. Rc7 Qf2+ 22. Kh1 Ng3+ 23. Kh2 Nh5 24. Re1 Qg3+ 25. Kh1 Nxf4 26. Rg1 Rae8 27. Re7 Rxe7 28. Qxe7 Ng6 29. Qe1 Rf2 30. Qe8+ Rf8 31. Qe1 Qf4 32. Qc3 Nh4 33. Qd3 Nf5 34. g3 Qh6 35. Kh2 Ne3 36. Qe2 Rf2+ 0-1

[Event "Xtracon Open 2019"]
[Site "Helsingor"]
[Date "2019.07.20"]
[Round "1.2"]
[White "Sargissian, Gabriel"]
[Black "Skovgaard, Tom"]
[Result "1-0"]
[WhiteElo "2681"]
[BlackElo "1954"]
[Annotator "TA"]
[PlyCount "39"]
[EventDate "2019.07.19"]
[EventType "swiss"]
[EventCountry "DEN"]
[SourceTitle "playchess.com"]
[Source "ChessBase"]
[SourceQuality "1"]

1. d4 Nf6 2. c4 e6 3. Nf3 d5 4. Nc3 Nbd7 5. g3 Bb4 6. Bg2 b6 7. O-O Bb7 8. cxd5 Nxd5 9. Nxd5 Bxd5 10. Qc2 O-O 11. Ng5 Nf6 12. e4 h6 13. exd5 hxg5 14. dxe6 fxe6 15. Qc4 Qe7 16. Bxa8 Rxa8 17. Bxg5 Bd6 18. Rae1 Re8 19. Re3 Qf7 20. Bxf6 1-0

[Event "Xtracon Open 2019"]
[Site "Helsingor"]
[Date "2019.07.20"]
[Round "1.2"]
[White "Postny, Evgeny"]
[Black "Mehringer, Joerg"]
[Result "1-0"]
[WhiteElo "2601"]
[BlackElo "1923"]
[Annotator "TA"]
[PlyCount "105"]
[EventDate "2019.07.19"]
[EventType "swiss"]
[EventCountry "DEN"]
[SourceTitle "playchess.com"]
[Source "ChessBase"]
[SourceQuality "1"]

1. d4 Nf6 2. c4 g6 3. Nc3 Bg7 4. e4 d6 5. Nf3 O-O 6. Be2 Na6 7. O-O c5 8. d5 Nc7 9. h3 a6 10. a4 Rb8 11. a5 b5 12. axb6 Rxb6 13. Qc2 e6 14. Bd3 exd5 15. exd5 Bd7 16. Bf4 Qb8 17. Ra2 Qb7 18. Re1 Rb8 19. Bc1 Qc8 20. Ng5 Qf8 21. Nge4 Re8 22. Bd2 Nxe4 23. Nxe4 f5 24. Nc3 Rxe1+ 25. Bxe1 Rb8 26. Ne2 Bc8 27. Bd2 Be5 28. Kf1 Qg7 29. b3 Ne8 30. Ng1 Qb7 31. Ra3 Qe7 32. Nf3 Bg7 33. Bf4 Qf6 34. Qe2 Bb7 35. Ra2 Nc7 36. Qd2 Bc8 37. Bc2 Ne8 38. Qe1 Bb7 39. Bd1 h6 40. h4 Qf8 41. Qe6+ Qf7 42. Re2 Rd8 43. Bc2 Bc8 44. Qe3 Qf8 45. Qd2 Nf6 46. Qa5 Ne4 47. Bxe4 fxe4 48. Rxe4 Bf5 49. Re3 Rb8 50. Qc7 Rd8 51. Kg1 Rd7 52. Qb6 Bd4 53. Nxd4 1-0

[Event "Xtracon Open 2019"]
[Site "Helsingor"]
[Date "2019.07.20"]
[Round "1.2"]
[White "Storme, Isak"]
[Black "Rasmussen, Morten Fredsgaard"]
[Result "1-0"]
[WhiteElo "2330"]
[BlackElo "1882"]
[Annotator "NA"]
[PlyCount "39"]
[EventDate "2019.07.19"]
[EventType "swiss"]
[EventCountry "DEN"]
[SourceTitle "playchess.com"]
[Source "ChessBase"]
[SourceQuality "1"]

1. d4 f5 2. Bf4 Nf6 3. e3 g6 4. h4 Bg7 5. h5 Nxh5 6. Rxh5 gxh5 7. Qxh5+ Kf8 8. Qxf5+ Kg8 9. Nf3 e6 10. Qh5 d6 11. Bd3 Bd7 12. Ng5 Qe7 13. Bxh7+ Kf8 14. Nc3 Be8 15. Qf3 Bf6 16. Nce4 Bc6 17. O-O-O Bxg5 18. Bxd6+ Kg7 19. Bxe7 Bxe7 20. Qg4+ 1-0

[Event "Xtracon Open 2019"]
[Site "Helsingor"]
[Date "2019.07.20"]
[Round "1.2"]
[White "Jacobsen, Per Wurtz"]
[Black "Meurman, Arne"]
[Result "0-1"]
[WhiteElo "2016"]
[BlackElo "2014"]
[Annotator "NA"]
[PlyCount "61"]
[EventDate "2019.07.19"]
[EventType "swiss"]
[EventCountry "DEN"]
[SourceTitle "playchess.com"]
[Source "ChessBase"]
[SourceQuality "1"]

1. d4 Nf6 2. e3 c5 3. c3 b6 4. Bd3 Bb7 5. Nf3 g6 6. O-O Bg7 7. Nbd2 O-O 8. Qe2 d6 9. Nc4 Ne4 10. Nfd2 f5 11. f4 Nd7 12. Nxe4 fxe4 13. Bc2 Nf6 14. Nd2 e6 15. dxc5 bxc5 16. Rd1 Qc7 17. Nc4 Ba6 18. b3 d5 19. Bb2 dxc4 20. bxc4 Rab8 21. Rab1 Rfd8 22. Bb3 Nd5 23. Qg4 Nxe3 24. Qxe6+ Kh8 25. Rxd8+ Qxd8 26. Bc1 Bxc4 27. Qxe4 Bd3 28. Qxe3 Bxb1 29. Qxc5 Qd3 30. Bb2 Qe2 31. Qf2 0-1

[Event "Xtracon Open 2019"]
[Site "Helsingor"]
[Date "2019.07.20"]
[Round "1.3"]
[White "Sargissian, Gabriel"]
[Black "Skovgaard, Tom"]
[Result "*"]
[WhiteElo "2681"]
[BlackElo "1954"]
[Annotator "TA"]
[PlyCount "31"]
[EventDate "2019.07.19"]
[EventType "swiss"]
[EventCountry "DEN"]
[SourceTitle "playchess.com"]
[Source "ChessBase"]
[SourceQuality "1"]

1. e4 c5 2. Nc3 e6 3. Nf3 a6 4. d4 cxd4 5. Nxd4 Qc7 6. g3 Bb4 7. Bd2 Nf6 8. Bg2 O-O 9. O-O Bc5 10. Nb3 Be7 11. f4 d6 12. g4 b5 13. g5 Nfd7 14. a3 Bb7 15. Be3 Nc6 16. Qh5 *

[Event "Xtracon Open 2019"]
[Site "Helsingor"]
[Date "2019.07.20"]
[Round "1.3"]
[White "Jorgensen, Brian"]
[Black "Rasmussen, Henning"]
[Result "1-0"]
[WhiteElo "2255"]
[BlackElo "2156"]
[Annotator "NA"]
[PlyCount "55"]
[EventDate "2019.07.19"]
[EventType "swiss"]
[EventCountry "DEN"]
[SourceTitle "playchess.com"]
[Source "ChessBase"]
[SourceQuality "1"]

1. c4 e5 2. Nc3 Nf6 3. Nf3 Nc6 4. e3 Be7 5. Qb3 O-O 6. Be2 d6 7. O-O Nd7 8. d4 exd4 9. exd4 Bf6 10. Be3 g6 11. Bh6 Bg7 12. Bxg7 Kxg7 13. Qd1 Nf6 14. h3 Re8 15. d5 Ne5 16. Nd4 c5 17. dxc6 Nxc6 18. Ndb5 Re6 19. Nd5 Ne8 20. Qd2 a6 21. Nbc3 f5 22. Rad1 Rb8 23. a3 h6 24. b4 Ne7 25. Nf4 Rf6 26. Rfe1 Bd7 27. Bf3 Qc8 28. Rxe7+ 1-0

[Event "Xtracon Open 2019"]
[Site "Helsingor"]
[Date "2019.07.20"]
[Round "1.3"]
[White "Rolvag, Birk Anders"]
[Black "Korobov, Anton"]
[Result "0-1"]
[WhiteElo "1956"]
[BlackElo "2687"]
[Annotator "TA"]
[PlyCount "71"]
[EventDate "2019.07.19"]
[EventType "swiss"]
[EventCountry "DEN"]
[SourceTitle "playchess.com"]
[Source "ChessBase"]
[SourceQuality "1"]

1. e4 c5 2. Nc3 e6 3. g3 d5 4. d3 d4 5. Nce2 Nc6 6. Bg2 h5 7. h3 h4 8. g4 e5 9. f4 exf4 10. Bxf4 Nge7 11. Nf3 Ng6 12. Bh2 Bd6 13. O-O Bxh2+ 14. Nxh2 Qg5 15. Qc1 Qxc1 16. Raxc1 Be6 17. a3 Rd8 18. Nf3 Ke7 19. c3 dxc3 20. Rxc3 Rd7 21. Kf2 Rhd8 22. Rd1 Nce5 23. Nxe5 Nxe5 24. Nf4 c4 25. Bf1 g5 26. Nxe6 Kxe6 27. Ke3 cxd3 28. Bxd3 Rxd3+ 29. Rdxd3 Rxd3+ 30. Rxd3 Nxd3 31. Kxd3 Ke5 32. Ke3 b5 33. b3 a5 34. b4 a4 35. Kd3 Kf4 36. Kd4 0-1

[Event "Xtracon Open 2019"]
[Site "Helsingor"]
[Date "2019.07.20"]
[Round "1.3"]
[White "Rygg, Andreas Gangstad"]
[Black "Kryakvin, Dmitry"]
[Result "0-1"]
[WhiteElo "1923"]
[BlackElo "2586"]
[Annotator "ChessBase"]
[PlyCount "80"]
[EventDate "2019.07.19"]
[EventType "swiss"]
[EventCountry "DEN"]
[SourceTitle "playchess.com"]
[Source "ChessBase"]
[SourceQuality "1"]

1. e4 c5 2. Be2 g6 3. f4 Bg7 4. Nf3 d6 5. O-O Nf6 6. d3 O-O 7. c3 c4 8. Na3 cxd3 9. Bxd3 Nbd7 10. Bc2 b6 11. Qe2 Nc5 12. e5 Ba6 13. c4 dxe5 14. Nxe5 e6 15. Be3 Qc7 16. Rad1 Rad8 17. Bd4 Nd5 18. Nb5 Bxb5 19. cxb5 Ne7 20. Qc4 Rc8 21. Rf3 Qb7 22. Qe2 Rfd8 23. b4 Nd7 24. Be4 Qb8 25. Nc6 Bxd4+ 26. Rxd4 Nxc6 27. bxc6 Nf6 28. Rxd8+ Rxd8 29. b5 Rd4 30. Bc2 Rxf4 31. Rd3 Kg7 32. Qd2 Qc7 33. Rd6 Rc4 34. Qd3 Rxc2 35. Qxc2 Qxd6 36. c7 Qd4+ 37. Kf1 Nd5 38. c8=Q Ne3+ 39. Ke2 Nxc2 40. Qxc2 Qe5+ 0-1

[Event "Xtracon Open 2019"]
[Site "Helsingor"]
[Date "2019.07.20"]
[Round "1.3"]
[White "Masotti, Roberto"]
[Black "Nasshan, Dennis"]
[Result "0-1"]
[WhiteElo "1814"]
[BlackElo "2314"]
[Annotator "NA"]
[PlyCount "102"]
[EventDate "2019.07.19"]
[EventType "swiss"]
[EventCountry "DEN"]
[SourceTitle "playchess.com"]
[Source "ChessBase"]
[SourceQuality "1"]

1. c4 Nf6 2. Nc3 e6 3. e4 c5 4. e5 Ng8 5. Nf3 Nc6 6. d4 cxd4 7. Nxd4 Nxe5 8. Ndb5 f6 9. Bf4 a6 10. Nd6+ Bxd6 11. Qxd6 Nf7 12. Qc7 d6 13. Qxd8+ Kxd8 14. O-O-O Ke7 15. Na4 Bd7 16. Nb6 Rd8 17. Nxd7 Rxd7 18. Be3 Ngh6 19. Bb6 Rc8 20. Kb1 Rc6 21. Ba5 Ng4 22. Rd2 b6 23. Bb4 a5 24. Ba3 Rd8 25. h3 Nge5 26. b3 Rc7 27. Be2 Nc6 28. Rhd1 Nb4 29. f4 Rcd7 30. Bf3 g5 31. g3 gxf4 32. gxf4 Rg8 33. Bh5 Nh6 34. Bf3 Rg3 35. Be4 Rxh3 36. Bxh7 f5 37. Bg6 Rh4 38. Rg2 Rd8 39. Bxb4 axb4 40. Rg5 Rxf4 41. Rh1 Rg4 42. Rxg4 Nxg4 43. Rh7+ Kf6 44. Bh5 Kg5 45. Bf7 Rd7 46. Rh5+ Kf6 47. Be8 Re7 48. Bc6 Ne5 49. Ba8 Ra7 50. Rh8 f4 51. Rf8+ Rf7 0-1

[Event "Xtracon Open 2019"]
[Site "Helsingor"]
[Date "2019.07.20"]
[Round "1.4"]
[White "Hammer, Jon Ludvig"]
[Black "Taksrud, Vidar"]
[Result "1/2-1/2"]
[WhiteElo "2637"]
[BlackElo "1942"]
[Annotator "TA"]
[PlyCount "119"]
[EventDate "2019.07.19"]
[EventType "swiss"]
[EventCountry "DEN"]
[SourceTitle "playchess.com"]
[Source "ChessBase"]
[SourceQuality "1"]

1. c4 e5 2. g3 Nf6 3. Bg2 Nc6 4. Nf3 d5 5. cxd5 Nxd5 6. O-O Be6 7. d4 exd4 8. Nxd4 Nxd4 9. Qxd4 c6 10. e4 Nb4 11. Qc3 Nxa2 12. Rxa2 Bxa2 13. Be3 Qd6 14. Nd2 Be6 15. f4 Qb4 16. Qc2 O-O-O 17. f5 Rxd2 18. Qxd2 Qxd2 19. Bxd2 Bc5+ 20. Kh1 Bb3 21. Bc3 Rd8 22. Bxg7 Rd1 23. Rxd1 Bxd1 24. Bc3 Bb3 25. g4 b5 26. g5 b4 27. Bf6 a5 28. e5 Kd7 29. h4 a4 30. h5 a3 31. bxa3 bxa3 32. g6 fxg6 33. e6+ Bxe6 34. fxe6+ Kxe6 35. Bg7 gxh5 36. Bxc6 Be7 37. Ba4 Bf6 38. Bf8 Bb2 39. Bb3+ Ke5 40. Kg2 Kd4 41. Kh3 Kc3 42. Bg8 Kd2 43. Bh6+ Kd1 44. Bb3+ Ke2 45. Kh4 Bf6+ 46. Kxh5 Kd3 47. Bc1 Bb2 48. Bf4 Bg7 49. Bg8 Kc3 50. Bc1 Bf8 51. Kg4 h6 52. Bf4 Bg7 53. Bc1 Bf8 54. Kh5 Kc2 55. Bf4 Bg7 56. Kg6 Bc3 57. Bxh6 Kb2 58. Bg7 Bxg7 59. Kxg7 a2 60. Bxa2 1/2-1/2

[Event "Xtracon Open 2019"]
[Site "Helsingor"]
[Date "2019.07.20"]
[Round "1.4"]
[White "Kollars, Dmitrij"]
[Black "Arndt, Uwe"]
[Result "1-0"]
[WhiteElo "2581"]
[BlackElo "1922"]
[Annotator "ChessBase"]
[PlyCount "47"]
[EventDate "2019.07.19"]
[EventType "swiss"]
[EventCountry "DEN"]
[SourceTitle "playchess.com"]
[Source "ChessBase"]
[SourceQuality "1"]

1. e4 c6 2. d4 d5 3. e5 c5 4. dxc5 Nc6 5. a3 e6 6. Nf3 Bxc5 7. b4 Bb6 8. Bb2 Nh6 9. Bd3 Ng4 10. O-O Qc7 11. Qe2 Bd7 12. h3 Nh6 13. Nbd2 Ne7 14. c4 dxc4 15. Nxc4 Nhf5 16. Rfc1 O-O 17. g4 Ng3 18. Qe1 f5 19. exf6 Ne2+ 20. Qxe2 Qg3+ 21. Kf1 Qxh3+ 22. Ke1 Nd5 23. Ng5 Bxf2+ 24. Kd2 1-0

[Event "Xtracon Open 2019"]
[Site "Helsingor"]
[Date "2019.07.20"]
[Round "1.4"]
[White "Welling, Gerard"]
[Black "Ole Bay-Petersen"]
[Result "1-0"]
[WhiteElo "2310"]
[BlackElo "1810"]
[Annotator "NA"]
[PlyCount "45"]
[EventDate "2019.07.19"]
[EventType "swiss"]
[EventCountry "DEN"]
[SourceTitle "playchess.com"]
[Source "ChessBase"]
[SourceQuality "1"]

1. e4 e6 2. f4 d5 3. e5 c5 4. Nf3 Nc6 5. c3 Nge7 6. Na3 a6 7. Nc2 Nf5 8. Bd3 g6 9. O-O Bd7 10. Bxf5 gxf5 11. d4 cxd4 12. Ncxd4 Be7 13. Be3 Rg8 14. b4 Nxd4 15. Bxd4 Rc8 16. a4 Rg4 17. Qd2 Rc4 18. Qe3 f6 19. exf6 Bxf6 20. Bxf6 Qxf6 21. Ne5 Qg7 22. Nxg4 Rxc3 23. Qe5 1-0

[Event "Xtracon Open 2019"]
[Site "Helsingor"]
[Date "2019.07.20"]
[Round "1.4"]
[White "Jorgensen, Dennis"]
[Black "Sandbech, Ted Henrik"]
[Result "1-0"]
[WhiteElo "2140"]
[BlackElo "1687"]
[Annotator "NA"]
[PlyCount "91"]
[EventDate "2019.07.19"]
[EventType "swiss"]
[EventCountry "DEN"]
[SourceTitle "playchess.com"]
[Source "ChessBase"]
[SourceQuality "1"]

1. d4 d5 2. Nf3 Nf6 3. c4 c6 4. e3 Bg4 5. h3 Bh5 6. Nc3 e6 7. Qb3 Qc7 8. Be2 Be7 9. g4 Bg6 10. Ne5 dxc4 11. Qxc4 Be4 12. Nxe4 Nxe4 13. Bd3 Qa5+ 14. Ke2 Nd6 15. Qc2 g6 16. Bd2 Qd8 17. Rac1 Nd7 18. f4 Bf6 19. Bb4 Nb6 20. Qb3 Rb8 21. Qa3 Ndc8 22. g5 Be7 23. Ng4 O-O 24. h4 Bxb4 25. Qxb4 Nd5 26. Qd2 f5 27. Ne5 Nd6 28. h5 Ne7 29. hxg6 Nxg6 30. Nxg6 hxg6 31. Rh6 Kf7 32. Rh7+ Ke8 33. Qb4 Nf7 34. Bc4 Qe7 35. Qa5 a6 36. Rg7 Rh8 37. Rxg6 Nd8 38. Qe5 Rh2+ 39. Kd3 Qb4 40. Rg8+ Kd7 41. Qg7+ Qe7 42. Bxe6+ Nxe6 43. Qxe7+ Kxe7 44. Rxb8 Rxb2 45. Rh1 Kd6 46. Rh6 1-0

[Event "Xtracon Open 2019"]
[Site "Helsingor"]
[Date "2019.07.20"]
[Round "1.5"]
[White "Wagner, Frank"]
[Black "Kucuksari, Kaan"]
[Result "0-1"]
[WhiteElo "1948"]
[BlackElo "2310"]
[Annotator "NA"]
[PlyCount "62"]
[EventDate "2019.07.19"]
[EventType "swiss"]
[EventCountry "DEN"]
[SourceTitle "playchess.com"]
[Source "ChessBase"]
[SourceQuality "1"]

1. Nf3 Nf6 2. g3 b6 3. Bg2 Bb7 4. O-O e6 5. d4 Be7 6. c3 O-O 7. Nbd2 c5 8. dxc5 bxc5 9. b3 d5 10. Bb2 Nc6 11. e3 a5 12. Re1 Qb6 13. e4 a4 14. exd5 exd5 15. Ne5 Nxe5 16. Rxe5 Bd6 17. Rf5 a3 18. Bc1 Rfe8 19. Nf3 Bf8 20. Bf4 Ne4 21. Qc2 f6 22. Rh5 g6 23. Rh3 g5 24. Nxg5 fxg5 25. Bxe4 Rxe4 26. Bxg5 Qg6 27. Qd2 Rae8 28. f3 Re2 29. Qf4 Re1+ 30. Rxe1 Rxe1+ 31. Kf2 Qe6 0-1

[Event "Xtracon Open 2019"]
[Site "Helsingor"]
[Date "2019.07.20"]
[Round "1.5"]
[White "Baliuniene, Margarita"]
[Black "Hansen, Sune Berg"]
[Result "0-1"]
[WhiteElo "1917"]
[BlackElo "2575"]
[Annotator "ChessBase"]
[PlyCount "88"]
[EventDate "2019.07.19"]
[EventType "swiss"]
[EventCountry "DEN"]
[SourceTitle "playchess.com"]
[Source "ChessBase"]
[SourceQuality "1"]

1. d4 Nf6 2. Nf3 g6 3. g3 Bg7 4. Bg2 O-O 5. O-O d6 6. c4 Nbd7 7. Nc3 e5 8. dxe5 dxe5 9. Bd2 Re8 10. e4 c6 11. Qc2 Qe7 12. b4 a5 13. b5 Nc5 14. Rab1 Bg4 15. Be3 Nfd7 16. Nd2 Ne6 17. bxc6 bxc6 18. Qa4 Nd4 19. f3 Be6 20. Rb2 Qd8 21. Rfb1 Nc5 22. Qd1 a4 23. Rb6 Qc7 24. Ne2 Ncb3 25. c5 Nxc5 26. Nxd4 exd4 27. Bf4 Qa7 28. Rxc6 Bxa2 29. Rc7 Qa5 30. Ra1 Be6 31. Bd6 Nb3 32. Nxb3 Bxb3 33. Qd3 Qb6 34. e5 Bxe5 35. Bxe5 Rxe5 36. Rd7 Rd8 37. Rxd8+ Qxd8 38. Rc1 Qb6 39. f4 Re3 40. Qd2 Rc3 41. Re1 a3 42. f5 a2 43. fxg6 hxg6 44. Be4 Re3 0-1

[Event "Xtracon Open 2019"]
[Site "Helsingor"]
[Date "2019.07.20"]
[Round "1.5"]
[White "Sjol, Henrik"]
[Black "Olsson, Linus"]
[Result "1-0"]
[WhiteElo "1755"]
[BlackElo "2242"]
[Annotator "NA"]
[PlyCount "53"]
[EventDate "2019.07.19"]
[EventType "swiss"]
[EventCountry "DEN"]
[SourceTitle "playchess.com"]
[Source "ChessBase"]
[SourceQuality "1"]

1. d4 Nf6 2. Bf4 g6 3. e3 Bg7 4. Nf3 O-O 5. Be2 b6 6. O-O Bb7 7. c4 d5 8. Nc3 Nbd7 9. Rc1 c5 10. Ne5 dxc4 11. dxc5 Nxc5 12. Nxc4 Rc8 13. Qxd8 Rfxd8 14. Rfd1 Nfe4 15. Nxe4 Bxe4 16. Ne5 Ne6 17. Rxc8 Rxc8 18. f3 Nxf4 19. exf4 Bf5 20. Ba6 Rc2 21. Rd8+ Bf8 22. Bc4 e6 23. g4 Rc1+ 24. Kg2 Bb1 25. Bb3 Rc7 26. Nd7 Rxd7 27. Rxd7 1-0

[Event "Xtracon Open 2019"]
[Site "Helsingor"]
[Date "2019.07.20"]
[Round "1.6"]
[White "Rasmussen, Allan Stig"]
[Black "Rosell, Sven"]
[Result "1-0"]
[WhiteElo "2569"]
[BlackElo "1913"]
[Annotator "ChessBase"]
[PlyCount "63"]
[EventDate "2019.07.19"]
[EventType "swiss"]
[EventCountry "DEN"]
[SourceTitle "playchess.com"]
[Source "ChessBase"]
[SourceQuality "1"]

1. d4 Nf6 2. g3 g6 3. Bg2 Bg7 4. e4 d6 5. Ne2 O-O 6. Nbc3 c5 7. h3 cxd4 8. Nxd4 Qa5 9. O-O Nc6 10. Nb3 Qd8 11. Re1 Be6 12. Nd5 a5 13. a4 Bxd5 14. exd5 Ne5 15. Nd4 Re8 16. Ra2 Rc8 17. b3 Ned7 18. c4 Nc5 19. Nb5 Nfd7 20. Rae2 Ne5 21. Re3 f5 22. Kh1 Ra8 23. Qe2 Bf6 24. f4 Nf7 25. Bb2 Bxb2 26. Qxb2 Qd7 27. Nd4 Nd8 28. Qe2 Kf8 29. g4 fxg4 30. hxg4 Kf7 31. g5 Kf8 32. Bh3 1-0

[Event "Xtracon Open 2019"]
[Site "Helsingor"]
[Date "2019.07.20"]
[Round "1.6"]
[White "Berg, Klaus"]
[Black "AIM Hannibal Valeur Jaques"]
[Result "1-0"]
[WhiteElo "2295"]
[BlackElo "1807"]
[Annotator "NA"]
[PlyCount "59"]
[EventDate "2019.07.19"]
[EventType "swiss"]
[EventCountry "DEN"]
[SourceTitle "playchess.com"]
[Source "ChessBase"]
[SourceQuality "1"]

1. c4 c6 2. e4 e5 3. d4 d6 4. Nf3 Nd7 5. Nc3 Ngf6 6. Be2 Be7 7. O-O O-O 8. Qc2 Qc7 9. Be3 d5 10. dxe5 Nxe5 11. Nxe5 Qxe5 12. f4 Qe6 13. cxd5 cxd5 14. e5 Bd7 15. Bd4 Ne8 16. Rad1 Rc8 17. Qb3 Bc6 18. f5 Qd7 19. f6 Bd8 20. Bc5 gxf6 21. Nxd5 Bxd5 22. Rxd5 Qe6 23. Qg3+ Kh8 24. Bxf8 Qxd5 25. Bd3 fxe5 26. Qh3 e4 27. Bxe4 Qxe4 28. Qxc8 Bb6+ 29. Kh1 Qe2 30. Qf5 1-0

[Event "Xtracon Open 2019"]
[Site "Helsingor"]
[Date "2019.07.20"]
[Round "1.6"]
[White "Christensen, Jacob Foged"]
[Black "Moiseenko, Alexander"]
[Result "0-1"]
[WhiteElo "1937"]
[BlackElo "2628"]
[Annotator "TA"]
[PlyCount "76"]
[EventDate "2019.07.19"]
[EventType "swiss"]
[EventCountry "DEN"]
[SourceTitle "playchess.com"]
[Source "ChessBase"]
[SourceQuality "1"]

1. d4 Nf6 2. Nf3 e6 3. Bf4 Be7 4. e3 Nh5 5. Bg3 Nxg3 6. hxg3 c5 7. c3 Qb6 8. Qc2 g6 9. Nbd2 Nc6 10. Ne4 cxd4 11. exd4 d5 12. Neg5 h6 13. Bd3 Qd8 14. Nh3 g5 15. Nhg1 Bd7 16. Ne2 Bd6 17. Bb5 Qf6 18. Bxc6 Bxc6 19. Nd2 O-O-O 20. a4 Kb8 21. Nb3 h5 22. Qd3 Qe7 23. Qe3 f6 24. Nc5 b6 25. Nd3 e5 26. dxe5 fxe5 27. b4 d4 28. cxd4 Bxg2 29. Rh2 Bxb4+ 30. Nxb4 Qxb4+ 31. Kd1 Bc6 32. Qxe5+ Ka8 33. Qxg5 Rxd4+ 34. Nxd4 Qxd4+ 35. Kc2 Be4+ 36. Kb3 Bd5+ 37. Kc2 Rc8+ 38. Kb1 Qb4# 0-1

[Event "Xtracon Open 2019"]
[Site "Helsingor"]
[Date "2019.07.20"]
[Round "1.6"]
[White "Sorensen, Bernhard W."]
[Black "Bronnum, Jan"]
[Result "1/2-1/2"]
[WhiteElo "1567"]
[BlackElo "2046"]
[Annotator "NA"]
[PlyCount "79"]
[EventDate "2019.07.19"]
[EventType "swiss"]
[EventCountry "DEN"]
[SourceTitle "playchess.com"]
[Source "ChessBase"]
[SourceQuality "1"]

1. d4 Nf6 2. Bf4 e6 3. e3 c5 4. c3 Qb6 5. Qb3 d5 6. Nd2 Nc6 7. h3 Be7 8. Ngf3 Qxb3 9. axb3 O-O 10. Bd3 Nd7 11. O-O f6 12. Bg3 e5 13. dxe5 fxe5 14. Be2 e4 15. Nh2 Nde5 16. f3 exf3 17. Nhxf3 Bf6 18. Nxe5 Nxe5 19. Nf3 Nf7 20. Bd3 Re8 21. Rfe1 Ng5 22. Nxg5 Bxg5 23. e4 d4 24. cxd4 cxd4 25. Bf2 Be6 26. Bc4 Bxc4 27. bxc4 Bf6 28. Rad1 Rad8 29. b3 a6 30. Rd3 Re7 31. Bg3 Re6 32. e5 Be7 33. Re4 Re8 34. Bf2 Bc5 35. Bxd4 Bxd4+ 36. Rdxd4 Rxe5 37. Rxe5 Rxe5 38. Rd7 b5 39. cxb5 Rxb5 40. Rd3 1/2-1/2

[Event "Xtracon Open 2019"]
[Site "Helsingor"]
[Date "2019.07.20"]
[Round "1.7"]
[White "Lysyj, Igor"]
[Black "Nielsen, Aage Sondergaard"]
[Result "1-0"]
[WhiteElo "2623"]
[BlackElo "1936"]
[Annotator "TA"]
[PlyCount "73"]
[EventDate "2019.07.19"]
[EventType "swiss"]
[EventCountry "DEN"]
[SourceTitle "playchess.com"]
[Source "ChessBase"]
[SourceQuality "1"]

1. d4 e6 2. c4 d5 3. Nf3 c6 4. g3 Nf6 5. Bg2 Nbd7 6. O-O Ne4 7. Nc3 Ndf6 8. Qc2 Bd6 9. Ne5 Nxc3 10. Qxc3 O-O 11. Bf4 Nh5 12. Be3 f5 13. b4 Bd7 14. a4 Rc8 15. Qb3 Be8 16. b5 f4 17. Bc1 fxg3 18. hxg3 Qf6 19. bxc6 bxc6 20. Ba3 Qe7 21. Bxd6 Qxd6 22. Rfc1 Rb8 23. Qc3 Nf6 24. cxd5 cxd5 25. Qc7 Qxc7 26. Rxc7 Rb4 27. e3 Bxa4 28. Bh3 Re8 29. Rxa7 Bc2 30. R7a6 Bf5 31. g4 Be4 32. g5 Nh5 33. Bxe6+ Kf8 34. Bg4 g6 35. Ra7 Ng7 36. Nd7+ Kf7 37. Kh2 1-0